000 00370 a2200157 4500
001 156386
020 _a9788535778669
040 _cEscola São Tomás de Aquino
100 _aMAGALHÃES, Thereza Cochar
240 1 0 _aLiteratura Brasileira
_lpor
245 1 0 _aLiteratura Brasileira
300 _a592
362 0 _a2013
697 _aLíngua portuguesa
942 _cBK
999 _c156386
_d156386